000 00281nam a2200121Ia 4500
008 240731s9999 xx 000 0 und d
022 _a1469-8315
245 0 _aFolklore
260 _bRoutledge
856 _uhttps://www.tandfonline.com/loi/rfol20
942 _2ddc
942 _cTFEJ
999 _c76631
_d76631
945 _a1
_bMadushi Gamage
_c1
_dMadushi Gamage